Statistics for Countries that start with U

Click here to take the quiz!

General Stats

  • This quiz has been taken 34 times
  • The average score is 5 of 7

Answer Stats

Answer% Correct
Uruguay
90%
Uganda
83%
UK
83%
UAE
72%
USA
72%
Ukraine
48%
Uzbekistan
48%

Score Distribution

Percentile by Number Answered

Percent of People with Each Score

Your Score History

You have not taken this quiz